000 00347nam a2200133Ia 4500
008 230917s9999||||xx |||||||||||||| ||und||
040 _e91031
_aMAIN
041 _aEnglish
082 _a910.133 S59F
100 _aSanta Singh
245 0 _aFood, population, land & inquality ( a case study of Kheri Sadh, Rohtak)
300 _a35 p.
942 _cTH
999 _c49463
_d49463